| 000 | 01414nam a2200229Ia 4500 | ||
|---|---|---|---|
| 003 | Ost | ||
| 005 | 20260416102401.0 | ||
| 008 | 260416s9999||||xx |||||||||||||| ||und|| | ||
| 040 | _cfsecg | ||
| 041 | _aara | ||
| 082 | _a519.72 | ||
| 100 |
_aبن مبروك،نبيلة _eمؤلف |
||
| 245 | 0 |
_aرياضيات المؤسسة : _bموجهة لطلبة السنة الثانية شعبة العلوم الاقتصادية والعلوم التجارية وعلوم التسيير / _cنبيلة بن مبروك |
|
| 260 |
_aالجزائر _bجامعة الجزائر3: كلية العلوم الإقتصادية، العلوم التجارية وعلوم التسيير _c2023 |
||
| 300 |
_a110 ورقة _bايضاحات _c12 سم |
||
| 504 | _aمراجع ص.102 جداول أشكال | ||
| 520 | _aمدخل إلى رياضيات المؤسسة ، مدخل إلى البرمجة الخطية، طرق حل مشاكل البرمجة الخطية ( البرنامج الخطي )،)Dualité – النموذج الثنائي أو المقابل ) الثنائي،تحليل الحساسية أو ما بعد الأمثلية، نماذج النقل. | ||
| 653 | _aالبرمجة الخطية | ||
| 653 | _aالرياضيات | ||
| 710 |
_aجامعة الجزائر3: كلية العلوم الإقتصادية، العلوم التجارية وعلوم التسيير _eناشر علمي |
||
| 942 | _cHANDOUT | ||
| 999 |
_c41417 _d41417 |
||